000 00786nam a2200229Ia 4500
003 GCL
008 140319s9999 xx 000 0 ara d
040 _aGCL /
_cGCL
082 0 4 _a339.4362
_bو ا
100 1 _aالهيئة العامة للاستعلامات
245 1 0 _aالاستثمار فى مصر وازالة المعوقات امام المستثمرين /
_cالهيئة العامة للاستعلامات
700 1 _aوزارة الاعلام
260 _aالقاهرة :
_bالوطن العربى للنشر و التوزيع ،
_c1992
300 _a106 ص
490 _aافاق العصر
_v0
650 0 4 _aمصر
650 0 4 _aالتجارة
650 0 4 _aالزراعة
650 0 4 _aالاستثمار
650 0 4 _aالصناعة
942 _2ddc
_cCF
999 _c27459
_d27459